000 00836nam a22002297a 4500
005 20240530110603.0
008 161016s2015 ua g 000 0dara d
017 _a2014/19633
_bمصر. دار الكتب
020 _a9789772767908
040 _aEG-CaGPL
_cEG-CaGPL
082 0 4 _221
_a372.218
_bأ أ
100 0 _aاشرف قادوس .
245 1 2 _aالاب الالكترونى :
_bاليات الغرس الثقافى و اخلاقيات الطفل العربى /
_cاشرف قادوس .
250 _aط1.
260 _aالقاهرة :
_bالمكتب العربى للمعارف ،
_c2015 .
300 _a280 ص ؛
_c24 سم .
650 0 4 _2qrmak
_aرياض الاطفال
650 0 4 _aالتليفزيون و الاطفال
650 0 4 _aبرامج الاطفال .
942 _2ddc
_cBK
999 _c62706
_d62706